Movies Quiz

Random Movies or Letter Quiz
Score 0/24 Timer 06:00
1 Play Today
% Correct
Tarzan
96.7%
Teenage Mutant Ninja Turtles
95.1%
Thor: The Dark World
87.6%
Tron
83.5%
Tropic Thunder
78.8%
Twins
77.8%
To Kill A Mockingbird
68.4%
Talladega Nights: The Ballad of Ricky Bobby
63.6%
True Grit
59.9%
Trading Places
58.3%
There's Something About Mary
53%
Twister
51.6%
% Correct
Total Recall
51%
Tin Cup
50.3%
Tomorrow Never Dies
40.4%
The Tourist
38.9%
The Tooth Fairy
33.9%
Thank You for Smoking
33%
Tremors
31.5%
The Toy
20.2%
The Thing
19.1%
Traffic
17.5%
The Thin Red Line
15.2%
The Third Man
10%
Remove Ads.
Support Sporcle.
Get the best of Sporcle when you Go Orange. This ad-free experience offers more features, more stats, and more fun while also helping to support Sporcle. Thank you for becoming a member.

You're not logged in!

Compare scores with friends on all Sporcle quizzes.
OR
Log In

Show Comments

Extras

Top Quizzes Today


Score Distribution

Your Account Isn't Verified!

In order to create a playlist on Sporcle, you need to verify the email address you used during registration. Go to your Sporcle Settings to finish the process.

Report this User

Report this user for behavior that violates our Community Guidelines.

Details: